The lonely path

Bibliographic Details
Main Author: Kumara Velu
Corporate Author: Title
Format: Book
Published: Kuala Lumpur : Penerbit Tetra Sinar , 2001
Series:Young mind series
Subjects:

MARC

LEADER 00000cam a2200000 7i4500
001 0000001579
005 20220105103922.0
008 070706
020 |a 9831111133 
090 0 0 |a JP   |b ENG (1908) 
100 0 |a Kumara Velu 
245 1 4 |a The lonely path   |c Kumara Velu 
260 |a Kuala Lumpur :   |b Penerbit Tetra Sinar ,   |c 2001 
440 0 |a Young mind series 
500 |a Children age 4-6 years old (yellow) 
650 0 |a Junior preschool   |x English   |x Languages 
710 0 |a Title 
999 |a 0000965532   |b Book   |c Children Collection   |e Cawangan Sri Merlong 
999 |a 0000965533   |b Book   |c Children Collection   |e Cawangan Urban Transformation Centre 
999 |a 0000965534   |b Book   |c Children Collection   |e Perbadanan Perpustakaan Awam Johor 
999 |a 0000965535   |b Book   |c Children Collection   |e Perbadanan Perpustakaan Awam Johor 
999 |a 0001044315   |b Book   |c Children Collection   |e Cawangan Segamat